00697nam a2200229 a 4500001001300000003000900013005001700022008004100039020001200080082001300092100002600105245005400131260004900185300000900234500003500243505001700278700002600295902000800321942000700329952011400336999001700450nice12345678IN_TiNIC20260116013957.0050524s1993 mica grp 000 0 eng  ac372.400a230bMCC aMc Conville, J Gordon aGrace in the Endb Study in Deuteronomic Theology aMichigan bZondervan Publishing House c1993 a170p aincludes index and biblioraphy2 abibliography1 aMc Conville, J Gordon bSRS cBK 001040708StackRoom-aHMIbHMId2007-08-01g372.40l0o230 MCCp019287r2007-08-01v372.40w2005-05-24yBK c13342d13342